000
00190nam a22000977a 4500
999
_c
531746
_d
531746
040
_c
DLC
082
_a
891.4393
_b
ASH
100
_a
Ashfaq Ahmed
_9
651
245
_a
Zaviya 3
942
_2
ddc
_c
BK